000 00482nam a2200169Ia 4500
008 090124s9999 xx 000 0 und d
082 _b109296
100 _aनिरंतर ग. भा.
245 _a कुलदिपक राम
250 _a0
300 _a92
600 _aनिरंतर ग. भा.
630 _a कुलदिपक राम
700 _aनिरंतर ग. भा.
730 _a कुलदिपक राम
942 _cBOOK
999 _c155387
_d155387